000 00384cam a2200169 4500
001 D12505
008 090401t1901 xxu||||| |||| 00| 0 eng d
035 _a(Sirsi) u3867
041 _aeng
100 _aCrampton, Arthur Wesley
245 4 _aThe housing question
260 _bLand Agents Record
_c1901
350 _a0
520 _aShelf 114
942 _n0
948 _c04/03/1997
999 _c85952
_d85952